Manual de criterios comunes para el control de gestión en empresas agropecuarias

Salvato in:
Dettagli Bibliografici
Ente Autore: Fundación Chile (Autore)
Natura: Libro
Lingua:spagnolo
Pubblicazione: Santiago Fundación Chile 2000
Serie:Programa de Gestión Agropecuaria
Soggetti:
Tags: Aggiungi Tag
Nessun Tag, puoi essere il primo ad aggiungerne!!

MARC

LEADER 00000nam a2200000 a 4500
001 UCN9169
003 CL-VaPUC
008 011130e20000600CL |||||||||||||||||spa|d
082 0 4 |a 658.02  |b FUN  |2 21 
110 2 |a Fundación Chile  |e author  |9 465640 
245 1 0 |a Manual de criterios comunes para el control de gestión en empresas agropecuarias 
300 |a 66 p 
942 |c BK 
945 |d 20011130 00:00:00  |a vberengu 
260 |a Santiago  |b Fundación Chile  |c 2000 
650 0 |a Gestión de empresas  |9 433832 
650 7 |a GESTION AGROPECUARIA  |2 CL-VaPUC  |9 465641 
650 0 |a Control de gestión  |9 345692 
583 |a last modification  |c 20011130 00:00:00  |k Rodrigo Vera 
490 0 |a Programa de Gestión Agropecuaria 
999 |c 298692  |d 298690 
952 |0 0  |1 1  |2 ddc  |4 0  |6 658_020000000000000_FUN_2000  |7 0  |8 A  |9 354476  |a BIBAGR  |b BIBAGR  |d 2019-11-21  |i 3681742  |l 1  |o 658.02 FUN 2000  |p 3681742  |r 2020-03-11  |s 2020-01-22  |w 2019-11-21  |y BK  |k AGR